[Event "Gibraltar Masters 2019"]
[Site "Caleta ENG"]
[Date "2019.01.25"]
[Round "4.39"]
[White "Nguyen,Thai Dai Van"]
[Black "Bjerre,Jonas Buhl"]
[Result "1-0"]
[WhiteElo "2535"]
[BlackElo "2422"]

1.e4 c5 2.Nf3 e6 3.d4 cxd4 4.Nxd4 Nc6 5.Nc3 Qc7 6.Be3 a6 7.Qf3 Ne5 8.Qg3 b5
9.O-O-O Nf6 10.f4 Neg4 11.Bd2 Qa7 12.h3 b4 13.hxg4 bxc3 14.Bxc3 Nxe4 15.Qe3 Bb7
16.Be1 Bc5 17.Be2 Rc8 18.Bf3 Nf6 19.Qd3 Bxf3 20.gxf3 Qc7 21.Ne2 Nd5 22.Bd2 Bb4
23.c3 Qc4 24.Qxc4 Rxc4 25.b3 Rc6 26.Kb2 Bc5 27.c4 Nb6 28.a4 O-O 29.a5 Nc8
30.Bc3 Rd8 31.Rh5 Bf8 32.g5 Ne7 33.Rdh1 h6 34.gxh6 gxh6 35.Bf6 Re8 36.Nd4 Rcc8
37.f5 Kh7 38.Be5 exf5 39.f4 Ng6 40.Rxf5 Nxe5 41.fxe5 Re7 42.Rf6 Bg7 43.Nf5 Rxe5
44.Nxg7 Kxg7 45.Rxa6 Rcc5 46.b4 Rxc4 47.Kb3 d5 48.Rg1+ Kf8 49.Rxh6 Re3+ 50.Ka4 Ke7
51.a6 Rc8 52.Rd1 Rd8 53.Rc1 Kd7 54.Rc5 Re6 55.Rxd5+ Kc7 56.Rxe6 Rxd5 57.Rf6 Rd1
58.Rxf7+ Kb6 59.Rf6+ Ka7 60.Ka5 Ra1+ 61.Kb5 Rh1 62.Rf7+ Ka8 63.Ka5 Rh5+ 64.b5 Rh8
65.b6 Rg8 66.Kb5 Rg5+ 67.Kc4 Rg4+ 68.Kd5 Rg8 69.Ke6 Rb8 70.Ra7+  1-0

[Event "Gibraltar Masters 2019"]
[Site "Caleta ENG"]
[Date "2019.01.25"]
[Round "4.40"]
[White "Ladron de Guevara Pinto,P"]
[Black "Sadzikowski,D"]
[Result "1/2-1/2"]
[WhiteElo "2418"]
[BlackElo "2534"]

1.e4 c6 2.d4 d5 3.exd5 cxd5 4.Bd3 Nf6 5.c3 Bg4 6.Ne2 e6 7.Na3 Nc6 8.Nc2 Bd6
9.f3 Bh5 10.Bf4 Be7 11.Qd2 Bg6 12.Nc1 Nd7 13.Bxg6 hxg6 14.Nd3 Bh4+ 15.g3 Be7
16.O-O-O b5 17.h4 a5 18.Bg5 Nb6 19.Bxe7 Qxe7 20.Qg5 Nc4 21.Qxe7+ Kxe7 22.Rhe1 Rhc8
23.Kb1 Rab8 24.a3 Kd8 25.Re2 Nd6 26.g4 Kc7 27.Rh1 Rh8 28.Reh2 Rh7 29.Kc1 Rbh8
30.Ne3 b4 31.axb4 axb4 32.Nxb4 Nxb4 33.cxb4 Kb6 34.b3 Nb5 35.Nc2 Rc8 36.Kb2 Rhh8
37.f4 Rc7 38.h5 gxh5 39.Rxh5 Rhc8 40.R1h2 g6 41.R5h3 Nd6 42.Ne3 Nb5 43.Nc2 Nd6
44.Ne3 Nb5  1/2-1/2

[Event "Gibraltar Masters 2019"]
[Site "Caleta ENG"]
[Date "2019.01.25"]
[Round "4.41"]
[White "Wemmers,X"]
[Black "Zanan,E"]
[Result "0-1"]
[WhiteElo "2418"]
[BlackElo "2528"]

1.d4 Nf6 2.c4 e6 3.Nc3 Bb4 4.e3 b6 5.Ne2 c5 6.a3 Ba5 7.Bd2 O-O 8.Rb1 Bxc3
9.Nxc3 Bb7 10.dxc5 bxc5 11.Bd3 d5 12.O-O Nbd7 13.cxd5 Ne5 14.Be2 exd5 15.Na4 Ne4
16.Bc3 Qe8 17.Bxe5 Qxe5 18.Bf3 d4 19.exd4 cxd4 20.Re1 f5 21.Rc1 Rac8 22.Qb3+ Bd5
23.Qd3 Rfe8 24.Qa6 Rxc1 25.Rxc1 Bb3 26.Qd3 Bxa4 27.Qc4+ Qe6 28.Qxa4 Nc3 29.Qxe8+ Qxe8
30.bxc3 dxc3 31.g3 Qe7  0-1

[Event "Gibraltar Masters 2019"]
[Site "Caleta ENG"]
[Date "2019.01.25"]
[Round "4.42"]
[White "Goryachkina,A"]
[Black "Solomon,K"]
[Result "1/2-1/2"]
[WhiteElo "2518"]
[BlackElo "2413"]

1.d4 Nf6 2.c4 e6 3.Nc3 Bb4 4.Qc2 O-O 5.e4 d5 6.e5 Ne4 7.Bd3 c5 8.Nf3 cxd4
9.Nxd4 Nd7 10.Bf4 Qh4 11.g3 Qh5 12.O-O g5 13.cxd5 Nxc3 14.dxe6 gxf4 15.exd7 Bxd7
16.bxc3 Rac8 17.Bxh7+ Kh8 18.Bf5 Bxc3 19.Bxd7 Bxa1 20.Bxc8 Bxd4 21.Bxb7 Qxe5
22.Kg2 Rb8 23.Rd1 Kg7 24.Qe4 Qxe4+ 25.Bxe4 Rd8 26.gxf4 Bb6 27.Bd5 Rd6 28.Rd3 Kf8
29.h3 Rf6 30.Rf3 Rf5 31.Be4 Ra5 32.Bb1 Rb5 33.Bd3 Ra5 34.Bc4 Rc5 35.Bb3 Rf5
36.Kg3 Rf6 37.f5 Bd4 38.Kf4 Rd6 39.Ke4 Bf6 40.Bd5 Rb6 41.Ra3 Rb4+ 42.Kf3 Bd4
43.Rd3 Bb6 44.Bb3 Rd4 45.Rc3 Rd2 46.Kg4 Rxf2 47.Rd3 Rg2+ 48.Kf4 Rf2+ 49.Kg5 Ke7
50.Bd5 Rf1 51.Bf3 Re1 52.f6+ Ke6 53.Bd5+ Ke5 54.Bxf7 Rg1+ 55.Kh5 Kxf6 56.Rf3+ Ke5
57.Bb3 Bd8 58.Rf7 Rh1 59.Rxa7 Rxh3+ 60.Kg4 Rd3  1/2-1/2

[Event "Gibraltar Masters 2019"]
[Site "Caleta ENG"]
[Date "2019.01.25"]
[Round "4.43"]
[White "Tsolakidou,Stavroula"]
[Black "Demuth,A"]
[Result "1/2-1/2"]
[WhiteElo "2414"]
[BlackElo "2517"]

1.e4 c5 2.Nf3 d6 3.Bb5+ Nd7 4.c3 Nf6 5.Bd3 b6 6.O-O Bb7 7.Re1 Qc7 8.Bc2 Rc8
9.Na3 e6 10.d4 cxd4 11.Nb5 Qc5 12.Nbxd4 Be7 13.Ng5 O-O 14.Be3 Qc7 15.Ngxe6 fxe6
16.Nxe6 Qc6 17.Nxf8 Rxf8 18.Bd4 Kh8 19.a4 Nc5 20.f3 Ne6 21.Be3 Qc7 22.Kh1 Nh5
23.Bb3 Nc5 24.Bd5 Ba6 25.c4 Nf6 26.Ra3 Nxd5 27.cxd5 Bh4 28.Rg1 Qf7 29.b4 Nd7
30.b5 Bc8 31.Rf1 Bf6  1/2-1/2

[Event "Gibraltar Masters 2019"]
[Site "Caleta ENG"]
[Date "2019.01.25"]
[Round "4.44"]
[White "Shachar,E"]
[Black "Dragnev,Valentin"]
[Result "0-1"]
[WhiteElo "2391"]
[BlackElo "2511"]

1.Nf3 d5 2.g3 Nd7 3.d4 b5 4.Bg2 Bb7 5.O-O e6 6.a4 b4 7.a5 Rc8 8.c3 Ngf6 9.cxb4 Ba6
10.Bg5 Rb8 11.Qc2 Rxb4 12.Ne5 Nxe5 13.dxe5 Rc4 14.Qd1 h6 15.Nd2 Rb4 16.Bxf6 gxf6
17.exf6 Qxf6 18.Qc1 c5 19.b3 Bd6 20.Re1 O-O 21.e4 Be5 22.Ra2 c4 23.bxc4 dxc4
24.Bf1 Bd4 25.Nb1 Rfb8  0-1

[Event "Gibraltar Masters 2019"]
[Site "Caleta ENG"]
[Date "2019.01.25"]
[Round "4.45"]
[White "Krysa,L"]
[Black "Bulmaga,I"]
[Result "0-1"]
[WhiteElo "2499"]
[BlackElo "2407"]

1.Nf3 Nf6 2.g3 d5 3.Bg2 c6 4.O-O Bf5 5.c4 e6 6.cxd5 cxd5 7.Qb3 Qc8 8.Nc3 Nc6
9.d3 Be7 10.Bf4 O-O 11.Rac1 Qd7 12.e4 dxe4 13.dxe4 Nxe4 14.Nxe4 Bxe4 15.Ne5 Nxe5
16.Bxe4 Nc6 17.Rfd1 Qc8 18.Qa4 Rd8 19.Rxd8+ Qxd8 20.Bxc6 bxc6 21.Qxc6 h6
22.h4 a5 23.Bc7 Qc8 24.Rc4 a4 25.Kg2 Bf6 26.b4 axb3 27.axb3 Ra6 28.Qe4 Qd7
29.Bf4 g5 30.hxg5 hxg5 31.Be3 Kg7 32.Rc5 Qd8 33.b4 Ra1 34.Rc1 Ra4 35.Rb1 Qd6
36.Qc4 Qe5 37.Bc5 Ra3 38.Rb3 Ra1 39.Be3 Qb8 40.Qe4 Qb5 41.Rd3 Re1 42.Rb3 Qe2
43.g4 Kh6 44.Kh2 Qf1 45.Qg2 Be5+ 46.Kh3 Qc4 47.Qf3 f5 48.Rd3 fxg4+ 49.Qxg4 Rh1+  0-1

[Event "Gibraltar Masters 2019"]
[Site "Caleta ENG"]
[Date "2019.01.25"]
[Round "4.46"]
[White "Zuo,Yifan"]
[Black "Sprenger,J"]
[Result "1/2-1/2"]
[WhiteElo "2298"]
[BlackElo "2498"]

1.d4 Nf6 2.Nf3 e6 3.c4 b6 4.g3 Ba6 5.Qa4 Bb7 6.Bg2 c5 7.O-O cxd4 8.Nxd4 Bxg2
9.Kxg2 Qc8 10.Nc3 Nc6 11.Rd1 Nxd4 12.Rxd4 Qc6+ 13.Qxc6 dxc6 14.b3 Rd8 15.Rxd8+ Kxd8
16.Bb2 Be7 17.Rd1+ Kc8 18.Kf3 h5 19.Ne4 Nxe4 20.Kxe4 f6 21.h3 Rd8 22.Rxd8+ Kxd8
23.g4 hxg4 24.hxg4 g6 25.f3 Kd7 26.Bc3 Bd8 27.Bb2 Be7 28.Bc3 Bd8 29.Bb2 Be7
30.Bc3 Bd8 31.Bb2  1/2-1/2

[Event "Gibraltar Masters 2019"]
[Site "Caleta ENG"]
[Date "2019.01.25"]
[Round "4.47"]
[White "Schippers,Maurice"]
[Black "Chandra,Akshat"]
[Result "0-1"]
[WhiteElo "2276"]
[BlackElo "2492"]

1.e4 c5 2.Nf3 d6 3.d4 cxd4 4.Nxd4 Nf6 5.Nc3 a6 6.g3 e5 7.Nb3 Be7 8.Bg2 O-O
9.O-O Be6 10.a4 Nbd7 11.Re1 Rc8 12.Nd2 Qc7 13.Nf1 Qb8 14.Ne3 Bd8 15.g4 g6
16.g5 Nh5 17.Ned5 f6 18.Bf3 Ng7 19.gxf6 Nxf6 20.Nxf6+ Rxf6 21.Bg4 Rf7 22.Be3 Bxg4
23.Qxg4 Ba5 24.Red1 Bxc3 25.bxc3 Rxc3 26.Rd2 Qc7 27.Rad1 Ne8 28.Kh1 Qc4 29.Bh6 Qc8
30.Qg5 Qe6 31.a5 Rh3 32.c4 Rh5 33.Qe3 Qf6 34.f4 exf4 35.Qb3 Qe6 36.e5 Rxh6
37.exd6 Rd7 38.Qf3 Rxd6 39.Rxd6 Nxd6 40.Qxf4 Qe4+  0-1

[Event "Gibraltar Masters 2019"]
[Site "Caleta ENG"]
[Date "2019.01.25"]
[Round "4.48"]
[White "Repka,C"]
[Black "Sidhant,M"]
[Result "1/2-1/2"]
[WhiteElo "2491"]
[BlackElo "2344"]

1.d4 d5 2.c4 c6 3.Nf3 Nf6 4.Nc3 e6 5.Bg5 Nbd7 6.e3 Qa5 7.cxd5 Nxd5 8.Rc1 Nxc3
9.bxc3 Ba3 10.Rc2 b6 11.Be2 Ba6 12.O-O Bxe2 13.Qxe2 O-O 14.e4 Rfe8 15.e5 c5
16.Nd2 cxd4 17.cxd4 Rac8 18.Nc4 Qa6 19.Nxa3 Qxa3 20.Rfc1 Rxc2 21.Qxc2 h6
22.Be3 Nf8 23.h4 Ng6 24.Qc6 Kf8 25.Bd2 Ne7 26.Qe4 Kg8 27.Qg4 Kf8 28.Qe4 Kg8
29.Qg4 Kf8 30.Qe4  1/2-1/2

[Event "Gibraltar Masters 2019"]
[Site "Caleta ENG"]
[Date "2019.01.25"]
[Round "4.49"]
[White "Antova,Gabriela"]
[Black "Henderson de La Fuente,Lance"]
[Result "0-1"]
[WhiteElo "2263"]
[BlackElo "2489"]

1.d4 Nf6 2.c4 e6 3.Nf3 b6 4.a3 Bb7 5.Bf4 g6 6.Nc3 Bg7 7.e3 O-O 8.Bd3 d6 9.e4 Nbd7
10.O-O Re8 11.Be3 a6 12.h3 c5 13.d5 exd5 14.exd5 Rxe3 15.fxe3 Qe7 16.Re1 Ne5
17.Nxe5 Qxe5 18.Qf3 Qe7 19.Rab1 Nd7 20.Bc2 Ne5 21.Qf4 Rf8 22.b3 f5 23.Ne2 g5
24.Qg3 Ng6 25.Kh1 Bc8 26.Ng1 Kh8 27.b4 Ne5 28.bxc5 bxc5 29.Rb8 Nxc4 30.Rxc8 Rxc8
31.Bxf5 Rf8 32.Bd3 Ne5 33.Bc2 c4 34.Rd1 c3 35.Ne2 Nc4 36.e4 Be5 37.Qd3 Nb2  0-1

[Event "Gibraltar Masters 2019"]
[Site "Caleta ENG"]
[Date "2019.01.25"]
[Round "4.50"]
[White "Onabogun,K"]
[Black "Libiszewski,F"]
[Result "0-1"]
[WhiteElo "2189"]
[BlackElo "2481"]

1.e4 c5 2.Nf3 d6 3.c3 Nf6 4.Bd3 Bg4 5.h3 Bh5 6.Bc2 Nc6 7.d3 e6 8.Nbd2 d5
9.Qe2 Be7 10.Nf1 c4 11.Ng3 Bxf3 12.gxf3 cxd3 13.Bxd3 Qc7 14.Bd2 O-O-O 15.f4 dxe4
16.Nxe4 Nd5 17.Qf3 f5 18.Ng3 g5 19.Bc4 gxf4 20.Bxd5 Rxd5 21.Bxf4 Bd6 22.Bxd6 Qxd6
23.O-O Rg8 24.Kh1 Ne5 25.Qe3 Rd3  0-1

[Event "Gibraltar Masters 2019"]
[Site "Caleta ENG"]
[Date "2019.01.25"]
[Round "4.51"]
[White "Matlakov,M"]
[Black "Benmesbah,N"]
[Result "1-0"]
[WhiteElo "2700"]
[BlackElo "2252"]

1.d4 Nf6 2.Nf3 e6 3.c4 c5 4.d5 d6 5.Nc3 exd5 6.cxd5 g6 7.Nd2 Bg7 8.e4 O-O
9.Be2 Re8 10.O-O Nbd7 11.h3 h5 12.a4 Ne5 13.f4 Neg4 14.hxg4 Nxg4 15.Nf3 f5
16.e5 dxe5 17.fxe5 Nxe5 18.Bb5 Bd7 19.Bf4 Bxb5 20.Nxb5 Nxf3+ 21.Qxf3 Re4
22.d6 a6 23.Nc7 Bd4+ 24.Kh1 Rc8 25.Qg3 Kg7 26.Rae1 h4 27.Qb3  1-0

[Event "Gibraltar Masters 2019"]
[Site "Caleta ENG"]
[Date "2019.01.25"]
[Round "4.52"]
[White "Kiik,K"]
[Black "Howell,D"]
[Result "1/2-1/2"]
[WhiteElo "2410"]
[BlackElo "2685"]

1.e4 e6 2.d3 d5 3.Qe2 Nf6 4.Nf3 b6 5.e5 Nfd7 6.g3 Bb7 7.Bg2 c5 8.h4 Nc6 9.Bf4 Be7
10.c3 h6 11.a3 b5 12.Nbd2 a5 13.h5 a4 14.O-O Qb6 15.Rfe1 Na5 16.Rac1 Nf8
17.d4 Nd7 18.Be3 Ba6 19.Qd1 Rc8 20.Bf1 Qb7 21.Bd3 Nc4 22.Nxc4 dxc4 23.Bf1 cxd4
24.Bxd4 Nc5 25.Nd2 O-O 26.Qg4 Qc7 27.Be3 Kh8 28.Bxc5 Bxc5 29.Bg2 Rcd8 30.Re2 Rd7
31.Rce1 Rfd8 32.Qf4 Bb7 33.Bxb7 Qxb7 34.Ne4 Rd5 35.g4 Qc7 36.Nxc5 Rxc5 37.g5 Rg8
38.Re3 hxg5 39.Qxg5 Qd8 40.Qf4 Rc7 41.Rg3 Rd7  1/2-1/2

[Event "Gibraltar Masters 2019"]
[Site "Caleta ENG"]
[Date "2019.01.25"]
[Round "4.53"]
[White "Erenberg,Ariel"]
[Black "Anton Guijarro,D"]
[Result "0-1"]
[WhiteElo "2409"]
[BlackElo "2642"]

1.d4 Nf6 2.c4 e6 3.Nf3 d5 4.Nc3 dxc4 5.e4 b5 6.e5 Nd5 7.Nxb5 Nb6 8.Bg5 Be7
9.Qd2 O-O 10.Rc1 Bxg5 11.Nxg5 Bb7 12.Be2 Nc6 13.Bf3 Rb8 14.Ne4 a6 15.Nc5 axb5
16.Nxb7 Qd7 17.Nc5 Qxd4 18.Qxd4 Nxd4 19.Be4 f5 20.exf6 gxf6 21.Rd1 e5 22.f4 Rbd8
23.fxe5 fxe5 24.Rf1 Rxf1+ 25.Kxf1 h6 26.Kf2 Kf7 27.b3 Ke7 28.Rc1 c6 29.g3 Rf8+
30.Kg2 Ra8 31.a4 cxb3 32.Nxb3 Nxb3 33.Rxc6 Nxa4 34.Rc7+ Kd6 35.Rc6+ Kd7 36.Rxh6 Rb8
37.h4 Nd4 38.h5 Nc5 39.Bb1 e4 40.Rg6 Rh8 41.h6 Nde6 42.Kf2 Ke7 43.Ba2 Kf7
44.Rg7+ Kf6 45.Bxe6 Rxh6  0-1

[Event "Gibraltar Masters 2019"]
[Site "Caleta ENG"]
[Date "2019.01.25"]
[Round "4.54"]
[White "Tari,A"]
[Black "Merario Alarcon,Andres"]
[Result "1-0"]
[WhiteElo "2625"]
[BlackElo "2405"]

1.e4 e5 2.Nf3 Nc6 3.Bb5 Nf6 4.d3 Bc5 5.Nc3 d6 6.Na4 Bb6 7.c3 O-O 8.Nxb6 axb6
9.O-O Ne7 10.Re1 Ng6 11.d4 Bd7 12.Bd3 Re8 13.Bd2 h6 14.h3 Qe7 15.Nh2 Rad8
16.Nf1 Qf8 17.Ng3 Bc6 18.d5 Bd7 19.a4 Ra8 20.b4 Nf4 21.Bf1 Rec8 22.a5 bxa5
23.bxa5 c6 24.c4 c5 25.Qf3 g5 26.Rab1 Rc7 27.Rb6 Ra6 28.Rxa6 bxa6 29.Rb1 Bc8
30.Nf5 Bxf5 31.exf5 Qc8 32.g3 N4h5 33.Rb6 Rd7 34.h4 gxh4 35.g4 Nf4 36.Bxf4 exf4
37.Qxf4 Qf8 38.Rxa6 Qg7 39.Be2 Qg5 40.Qxg5+ hxg5 41.Rb6 Ne4 42.Bd3 Nd2 43.f6 Nf3+
44.Kh1 Rd8 45.a6  1-0

[Event "Gibraltar Masters 2019"]
[Site "Caleta ENG"]
[Date "2019.01.25"]
[Round "4.55"]
[White "Sukandar,I"]
[Black "Santos Latasa,J"]
[Result "0-1"]
[WhiteElo "2397"]
[BlackElo "2581"]

1.e4 c5 2.Nf3 d6 3.d4 cxd4 4.Nxd4 Nf6 5.Nc3 a6 6.f3 e6 7.Be3 Nbd7 8.Qd2 b5
9.g4 h6 10.O-O-O b4 11.Na4 Ne5 12.b3 Bd7 13.Nb2 d5 14.g5 hxg5 15.Bxg5 Be7
16.exd5 Nxd5 17.Bxe7 Qxe7 18.f4 Ng4 19.Bg2 O-O 20.Bxd5 exd5 21.Rde1 Qc5 22.Rhg1 Rfe8
23.Nf3 Bf5 24.Nd3 Bxd3 25.Qxd3 Nf2 26.Qf5 Rxe1+ 27.Rxe1 Qc3 28.Re7 Rf8 29.Nd2 Qa1+
30.Nb1 Ne4 31.Rxe4 dxe4 32.Qxe4 a5 33.h4 Qxa2 34.h5 Qa1 35.h6 gxh6 36.f5 Qf6
37.Nd2 Rd8  0-1

[Event "Gibraltar Masters 2019"]
[Site "Caleta ENG"]
[Date "2019.01.25"]
[Round "4.56"]
[White "Kunin,V"]
[Black "Hedman,E"]
[Result "1/2-1/2"]
[WhiteElo "2544"]
[BlackElo "2378"]

1.d4 d5 2.c4 e6 3.Nc3 c5 4.cxd5 exd5 5.Nf3 Nc6 6.g3 Nf6 7.Bg2 Be7 8.O-O O-O
9.b3 Ne4 10.Bb2 Bf6 11.Na4 Re8 12.Rc1 Qe7 13.dxc5 Bxb2 14.Nxb2 Qf6 15.Na4 Bg4
16.h3 Be6 17.e3 Qh6 18.g4 Rad8 19.Nc3 f5 20.g5 Nxg5 21.Nxg5 Qxg5 22.f4 Qg6
23.Rc2 d4 24.Nb5 Bd5 25.exd4 Re3 26.Kh2 Qg3+ 27.Kg1 Qg6 28.Kh2 Qg3+ 29.Kg1 Qg6
30.Kh2 Qg3+  1/2-1/2

[Event "Gibraltar Masters 2019"]
[Site "Caleta ENG"]
[Date "2019.01.25"]
[Round "4.58"]
[White "Guichard,P"]
[Black "Arizmendi Martinez,J"]
[Result "1/2-1/2"]
[WhiteElo "2378"]
[BlackElo "2506"]

1.Nf3 d5 2.e3 Nf6 3.c4 e6 4.Nc3 a6 5.b3 c5 6.Bb2 Nc6 7.cxd5 exd5 8.d4 Bg4
9.Be2 Bxf3 10.Bxf3 cxd4 11.exd4 Bb4 12.O-O O-O 13.a3 Bxc3 14.Bxc3 Re8 15.Qd3 Qd6
16.Bd2 Ne4 17.b4 Rac8 18.Rac1 f5 19.Rfd1 Qf6 20.Bf4 g5 21.Be5 Nxe5 22.dxe5 Qxe5
23.Rxc8 Rxc8 24.h4 gxh4 25.Bxe4 Qxe4 26.Qd2 h3 27.Qg5+ Kh8 28.Qf6+ Kg8 29.Qg5+ Kh8
30.Qf6+ Kg8 31.Qg5+  1/2-1/2

[Event "Gibraltar Masters 2019"]
[Site "Caleta ENG"]
[Date "2019.01.25"]
[Round "4.59"]
[White "Krishna Teja,N"]
[Black "Gallego Alcaraz,A"]
[Result "0-1"]
[WhiteElo "2371"]
[BlackElo "2502"]

1.d4 Nf6 2.c4 g6 3.Nc3 d5 4.Nf3 Bg7 5.Qb3 dxc4 6.Qxc4 O-O 7.e4 Bg4 8.Be3 Nfd7
9.Nd2 Nb6 10.Qc5 c6 11.f3 Be6 12.Be2 f5 13.g4 N6d7 14.Qa3 f4 15.Bf2 a5 16.e5 b5
17.Nce4 Na6 18.Rc1 Nb4 19.Nc5 Nxc5 20.Rxc5 Qd7 21.b3 Nd5 22.Ne4 Ne3 23.Qb2 Bd5
24.Nc3 Bxf3 25.Bxf3 Qxd4 26.Na4 Qb4+ 27.Qc3 bxa4 28.Qxb4 axb4 29.bxa4 Rxa4
30.Bxe3 Ra3 31.O-O Rxe3 32.Bxc6 Bxe5 33.Rc4 Bd6 34.Re4 Rd3 35.Bb5 Rd2 36.Re2 Rd4
37.Rf3 Rc8 38.Kg2 Kg7 39.h3 Rc1 40.Rd3 Rxd3 41.Bxd3 Bc5 42.Kf3 Rf1+ 43.Ke4 f3
44.Re3 Rf2 45.Rxf3 Rxa2 46.Bc4 Rd2 47.Rf7+ Kh6 48.h4 Rd4+ 49.Kf3 g5 50.hxg5+ Kg6
51.Rf4 Rd2 52.Bf1 Kg7 53.Bc4 b3 54.Rf7+ Kg6 55.Rf8 e6 56.Rf6+  0-1

[Event "Gibraltar Masters 2019"]
[Site "Caleta ENG"]
[Date "2019.01.25"]
[Round "4.60"]
[White "Tan Zhongyi"]
[Black "Karim,I"]
[Result "1/2-1/2"]
[WhiteElo "2502"]
[BlackElo "2347"]

1.e4 c5 2.Nf3 Nc6 3.Bb5 g6 4.Bxc6 dxc6 5.d3 Bg7 6.Nc3 Bg4 7.h3 Bxf3 8.Qxf3 Nf6
9.Bd2 Nd7 10.Qe2 Nf8 11.O-O-O Ne6 12.e5 Qd4 13.Rde1 O-O-O 14.Qe4 Rhe8 15.f4 Qxe4
16.Nxe4 f5 17.exf6 exf6 18.Bc3 Rf8 19.Rhf1 Bh6 20.g3 f5 21.Nd2 Nc7 22.Nf3 Nd5
23.Be5 Rfe8 24.h4 Re6 25.a3 Rde8 26.c4 Nb6 27.Kc2 Nd7 28.b4 Nxe5 29.Rxe5 Bg7
30.Rxe6 Rxe6 31.Kd2 Bd4 32.Nxd4 cxd4 33.a4 b6 34.b5 Re3 35.bxc6 Kc7 36.h5 Kxc6  1/2-1/2

[Event "Gibraltar Masters 2019"]
[Site "Caleta ENG"]
[Date "2019.01.25"]
[Round "4.61"]
[White "Taboas Rodriguez,D"]
[Black "Gunina,V"]
[Result "0-1"]
[WhiteElo "2357"]
[BlackElo "2501"]

1.d4 Nf6 2.Nf3 d5 3.c4 e6 4.Bg5 a6 5.e3 Be7 6.Nc3 O-O 7.Qc2 Nbd7 8.cxd5 exd5
9.Bd3 h6 10.Bh4 c5 11.dxc5 Nxc5 12.O-O Be6 13.Nd4 Rc8 14.Nf5 d4 15.exd4 Nxd3
16.Nxe7+ Qxe7 17.Qxd3 Bc4 18.Qg3 g5 19.Rfe1 Qd8 20.Re5 Nh7 21.Ne4 f6 22.Rc5 Qxd4
23.Rxc8 Rxc8 24.Nd6 Rd8  0-1

[Event "Gibraltar Masters 2019"]
[Site "Caleta ENG"]
[Date "2019.01.25"]
[Round "4.62"]
[White "Sosa,T ARG"]
[Black "Dhulipalla,Bala Chandra Prasad"]
[Result "0-1"]
[WhiteElo "2499"]
[BlackElo "2341"]

1.e4 e5 2.Nf3 Nc6 3.Bb5 a6 4.Ba4 Nf6 5.O-O Be7 6.Re1 b5 7.Bb3 d6 8.c3 O-O
9.h3 Nb8 10.d4 Nbd7 11.Nbd2 Bb7 12.Bc2 Re8 13.Nf1 Bf8 14.Ng3 g6 15.a4 Nb6
16.a5 Nbd7 17.b4 exd4 18.cxd4 c5 19.bxc5 dxc5 20.e5 Nd5 21.Ng5 Nb4 22.Bb1 h6
23.Nxf7 Kxf7 24.e6+ Rxe6 25.Rxe6 Kxe6 26.Qg4+ Ke7 27.dxc5 Nxc5 28.Qh4+ Kf7
29.Qxb4 Ne6 30.Qg4 Qf6 31.Bb2 Qg5 32.Qxg5 hxg5 33.Ba2 Rd8 34.Rc1 Bd5 35.Bxd5 Rxd5
36.Ne4 b4 37.Rc6 Rxa5 38.Rb6 Be7 39.Rb7 Kf8 40.Bf6 Bxf6 41.Nxf6 Rb5 42.Rd7 Rf5
43.Ne4 Nc5 44.Rd8+ Ke7 45.Rd4 Rf4 46.f3 Nxe4 47.fxe4 a5 48.Rd5 a4 49.Rd4 Rf6
50.Rxb4 Ra6 51.Rb2 a3 52.Ra2 Kd6 53.Kf2 Kc5 54.Kf3 Kb4 55.e5 Kb3 56.Ra1 Ra4
57.g3 g4+ 58.hxg4 a2 59.e6 Ra6 60.Re1 a1=Q 61.Rxa1 Rxa1 62.Ke4 Kc4 63.Ke5 Kc5
64.Kf6 Kd6 65.g5 Ra7 66.g4 Re7 67.Kxg6 Kxe6 68.Kh6 Kf7  0-1

[Event "Gibraltar Masters 2019"]
[Site "Caleta ENG"]
[Date "2019.01.25"]
[Round "4.63"]
[White "Gukesh,D"]
[Black "De Haan,E"]
[Result "1-0"]
[WhiteElo "2497"]
[BlackElo "2337"]

1.e4 c5 2.Nf3 e6 3.d4 cxd4 4.Nxd4 Nc6 5.Nc3 Qc7 6.g3 a6 7.Bg2 d6 8.O-O Bd7
9.Nce2 Nf6 10.c4 Nxd4 11.Nxd4 Qxc4 12.Be3 Be7 13.Rc1 Qb4 14.Rc3 O-O 15.Rb3 Qa5
16.Rxb7 Rfd8 17.a3 d5 18.e5 Ne4 19.Ne2 f5 20.exf6 Nxf6 21.Bb6 Qb5 22.Bxd8  1-0

[Event "Gibraltar Masters 2019"]
[Site "Caleta ENG"]
[Date "2019.01.25"]
[Round "4.64"]
[White "Doluhanova,E"]
[Black "Ubilava,E"]
[Result "1/2-1/2"]
[WhiteElo "2348"]
[BlackElo "2495"]

1.e4 d6 2.d4 g6 3.Nc3 Bg7 4.Be3 a6 5.h4 h6 6.Qd2 b5 7.f3 Nd7 8.Nh3 Bb7 9.a4 c6
10.axb5 axb5 11.Rxa8 Bxa8 12.d5 b4 13.dxc6 bxc3 14.cxd7+ Qxd7 15.bxc3 Nf6
16.Bd3 Bc6 17.O-O Qc7 18.Rb1 Nd7 19.Nf2 Qa5 20.Nd1 Bf6 21.Bf2 h5 22.f4 O-O
23.Rb4 Kh7 24.Ne3 d5 25.exd5 Bxd5  1/2-1/2

[Event "Gibraltar Masters 2019"]
[Site "Caleta ENG"]
[Date "2019.01.25"]
[Round "4.65"]
[White "Krishna,CRG"]
[Black "Osmanodja,F"]
[Result "1-0"]
[WhiteElo "2469"]
[BlackElo "2318"]

1.Nf3 c5 2.c4 Nc6 3.d4 cxd4 4.Nxd4 Nf6 5.Nc3 e6 6.g3 Qb6 7.e3 Ne5 8.f4 Nc6
9.Bg2 Bc5 10.Nc2 Nb4 11.Nxb4 Bxb4 12.O-O O-O 13.Na4 Qc7 14.Qb3 Be7 15.Bd2 d6
16.Rac1 Bd7 17.Nc3 Bc6 18.e4 a6 19.Nd5 Qd8 20.Nxe7+ Qxe7 21.e5 dxe5 22.Bb4 Qc7
23.Bxf8 Bxg2 24.Kxg2 Rxf8 25.fxe5 Qxe5 26.Qxb7 Ng4 27.Rfe1 Qd4 28.Re2 Ne3+
29.Kh1 f5 30.Qc6 e5 31.Qf3 f4 32.gxf4 exf4 33.b3 g5 34.Rg1 Qg7 35.Rd2 g4
36.Qe4 h5 37.Rd6 Nf5 38.Rd5 Qg5 39.Qe6+ Kh8 40.Qe5+ Kh7 41.Rgd1 Rf7 42.Qe8 Qf6
43.Rd7 Rxd7 44.Qxh5+ Kg8 45.Qe8+ Kh7 46.Qxd7+ Kh6 47.c5 Qe5 48.Qd5 Qe2 49.Qd3 Qf2
50.Rf1 Qxc5 51.Rxf4 Qc1+ 52.Qf1 Qc6+ 53.Qg2 Qc1+ 54.Rf1 Qg5 55.Qc6+ Kg7 56.Qd7+ Ne7
57.Re1 Qd5+ 58.Qxd5 Nxd5 59.Re4  1-0

[Event "Gibraltar Masters 2019"]
[Site "Caleta ENG"]
[Date "2019.01.25"]
[Round "4.66"]
[White "Cramling,P"]
[Black "Welling,G"]
[Result "1/2-1/2"]
[WhiteElo "2462"]
[BlackElo "2299"]

1.d4 g6 2.g3 Bg7 3.Bg2 d6 4.e4 Nc6 5.Ne2 e5 6.Be3 Nh6 7.d5 Ne7 8.f3 f5 9.Qd2 Nf7
10.a4 a5 11.Na3 O-O 12.Nc3 Kh8 13.Ncb5 Bd7 14.O-O-O Qb8 15.h3 Rd8 16.g4 Be8
17.c4 c6 18.Nc3 c5 19.h4 f4 20.Bf2 h6 21.g5 h5 22.Bh3 b6 23.Ncb5 Nc8 24.Qc2 Qb7
25.Rd3 Qe7 26.Qd1 Bd7 27.Qf1 Rb8 28.Rb3 Bxh3 29.Qxh3 Rb7 30.Rd1 Qd7 31.Qe6 Kh7
32.Nc2 Re8 33.Qxd7 Rxd7 34.Ne1 Rf8 35.Nd3 Nd8 36.Kd2 Rff7 37.Ke2 Rf8 38.Ra1 Nf7
39.Nc3 Re8 40.Rb5 Ra7 41.Ra3 Ree7 42.Be1 Re8 43.Nd1 Rf8 44.N1f2 Nd8 45.Nh3 Nf7
46.Rab3 Ra6 47.Bc3 Nd8 48.Kf2 Rf7 49.Kg2 Rf8 50.Bd2 Rf7 51.Ng1 Rf8 52.Ne2 Rf7
53.Kf1 Rf8 54.Ke1 Rf7 55.Kd1 Rb7 56.Ra3 Ne7 57.Rbb3 Nc8 58.Nc3 Nf7 59.Nb5 Nd8
60.Rc3 Rb8 61.Ke2 Rb7 62.Ra1 Bf8 63.Nc1 Nf7 64.Nb3 Ne7 65.Be1 Ra8 66.Bf2 Rc8
67.Nc1 Rd7 68.Nd3 Rcd8 69.Raa3 Nc8 70.Kf1 Re8 71.Kg2 Be7 72.Rc1 Bf8 73.Nc3 Bg7
74.Be1 Nd8 75.Rb3 Ree7 76.Ra1 Bf8 77.Ne2 Rf7 78.Raa3 Bg7 79.Rb5 Ra7 80.Rab3 Ra6  1/2-1/2

[Event "Gibraltar Masters 2019"]
[Site "Caleta ENG"]
[Date "2019.01.25"]
[Round "4.67"]
[White "Batsiashvili,N"]
[Black "Mannion,Stephen R"]
[Result "1-0"]
[WhiteElo "2459"]
[BlackElo "2293"]

1.c4 e5 2.Nc3 Bb4 3.Nf3 Bxc3 4.bxc3 e4 5.Nd4 Nf6 6.g3 O-O 7.Bg2 Re8 8.O-O d6
9.d3 Nbd7 10.Qc2 Nc5 11.Bg5 exd3 12.exd3 h6 13.Bf4 Bg4 14.Rfe1 Qd7 15.Nb3 Bf5
16.Nxc5 dxc5 17.Bxb7 Bxd3 18.Qd2 Rxe1+ 19.Rxe1 Rd8 20.Bg2 Bxc4 21.Qxd7 Rxd7
22.a4 Be6 23.Bf1 Nd5 24.Bb5 Rd8 25.Be5 Rc8 26.a5 c6 27.Ba6 Re8 28.Rb1 f6
29.Rb8 Rxb8 30.Bxb8 Nxc3 31.Bxa7 c4 32.Bb7 Nb5 33.Be3 c3 34.Bxc6 Bc4 35.a6 c2
36.Be4 Bb3 37.Kf1 Kf7 38.Ke1 Ke6 39.Kd2 f5 40.Bg2 Bd5 41.Bxd5+ Kxd5 42.a7 Nc7
43.Kxc2 Ke4 44.h4 Kf3 45.Kd3 Kg4 46.Kc4 g5 47.hxg5 hxg5 48.Kc5  1-0

[Event "Gibraltar Masters 2019"]
[Site "Caleta ENG"]
[Date "2019.01.25"]
[Round "4.68"]
[White "Javakhishvili,L"]
[Black "Risting,Eivind Olav"]
[Result "0-1"]
[WhiteElo "2452"]
[BlackElo "2281"]

1.c4 e5 2.Nc3 Nf6 3.Nf3 Nc6 4.a3 g6 5.b4 d6 6.b5 Nd4 7.e3 Nxf3+ 8.Qxf3 Bg7
9.Bb2 O-O 10.d3 Re8 11.h3 c6 12.bxc6 bxc6 13.Qxc6 Rb8 14.Rb1 Bd7 15.Qf3 Qa5
16.Qe2 d5 17.Qd2 dxc4 18.Be2 cxd3 19.Bxd3 Red8 20.Ne4 Qd5 21.Bc2 Qa8 22.Nxf6+ Bxf6
23.e4 Be6 24.Qc1 Rdc8 25.Ba1 Bb3 26.Rxb3 Rxb3 27.Qd2 Rxa3 28.Bb2 Ra2 29.Bb1 Bg5
30.Qe2 Rxb2  0-1

[Event "Gibraltar Masters 2019"]
[Site "Caleta ENG"]
[Date "2019.01.25"]
[Round "4.69"]
[White "Chinguun,Sumiya"]
[Black "Sadhwani,Raunak"]
[Result "0-1"]
[WhiteElo "2286"]
[BlackElo "2451"]

1.e4 d6 2.d4 Nf6 3.Nc3 g6 4.Nf3 Bg7 5.h3 O-O 6.Be3 b6 7.Bd3 Bb7 8.Qd2 c5
9.Bh6 cxd4 10.Nxd4 Bxh6 11.Qxh6 Nbd7 12.Nf3 Rc8 13.Ng5 b5 14.O-O b4 15.Nd1 Re8
16.Ne3 Qb6 17.Rae1 Qd4 18.f4 Nf8 19.f5 Rc5 20.fxg6 hxg6 21.Kh1 Qe5 22.h4 Qg3
23.Re2 Rxg5 24.Qxg5 Qxg5 25.hxg5 Nh5 26.Kh2 Ne6 27.Ng4 Kg7 28.Re3 Nxg5 29.c4 e5
30.Kg1 Nf4 31.Bb1 Rc8 32.b3 Nge6 33.Nf2 Nd4 34.Nd3 Nxd3 35.Rxd3 a5 36.Kf2 a4
37.Ke3 Ra8 38.Rf2 axb3 39.axb3 Ra1 40.Rb2 Kf6 41.Rxd4 exd4+ 42.Kxd4 Ra5 43.Rf2+ Ke6
44.Bd3 Ke7 45.Rc2 Ba6 46.Re2 Ke6 47.Bb1 Ra3 48.Rb2 Ra1 49.c5 Bb5 50.cxd6 Kxd6
51.e5+ Ke6 52.Kc5 Bf1 53.Be4 Kxe5 54.Bb7 Ra5+ 55.Kb6 Rb5+ 56.Kc6 Kd4 57.Rf2 Rf5
58.Rxf5 gxf5 59.Kd6 f4 60.Bd5 f5 61.Bf3 Bd3 62.Bd1 Be4 63.Ke6 Bxg2 64.Kxf5 f3  0-1